000 00502nam a2200181 4500
999 _c171234
_d171234
005 20200109115549.0
010 _aENG-127334
020 _a8188965723
_c375.00
035 _aEN-110866
037 _bDBAD/PUB
082 _a921
100 _aZangana,Haifa
245 _aDreaming of Baghdad/
_cby Haifa Zangana
260 _aNew Delhi
_bWomen unlimited
_c2009
270 _aK-36,Hauz Khas Enclave
_bNew Delhi
_e110016
300 _aXI;169p.
_c22cm(pbk)
942 _2ddc
_cEN
_h921
_kZAN